|
|
|
|
| LEADER |
00000nab a2200000 a 4500 |
| 001 |
vtls000710981 |
| 003 |
SK-MaSNL |
| 005 |
20260304110346.0 |
| 008 |
250429c1999 xo 0 slo |
| 015 |
|
|
|a SNBRB2000/01-00384
|
| 035 |
|
|
|a CLN000063148
|
| 035 |
|
|
|a urn:nbn:sk:snk-ab2nhl
|
| 035 |
|
|
|a (urnnbn)urn:nbn:sk:snk:ar-a02o7s
|
| 035 |
|
|
|a (uuid)c8245d5a-c05a-458a-8fbd-4b0ff0e972a6
|
| 040 |
|
|
|a SNKBUCL
|b slo
|c SNKBUCL
|e AACR2
|
| 041 |
0 |
|
|a slo
|
| 044 |
|
|
|a xo
|c SK
|
| 080 |
|
|
|a 069:37
|2 1997
|
| 080 |
|
|
|a 378.4.096(437.6)
|2 1997
|
| 100 |
1 |
|
|a Podušelová, Gabriela,
|d 1953-
|4 aut
|9 197605
|
| 245 |
1 |
0 |
|a Výučba muzeológie na Filozofickej fakulte Univerzity Konštantína Filozofa v Nitre
|c Gabriela Podušelová
|
| 610 |
2 |
7 |
|a Univerzita Konštantína Filozofa v Nitre.
|b Filozofická fakulta
|2 snkbucl
|
| 650 |
0 |
7 |
|a muzeológia
|2 snkbucl
|9 26558
|
| 655 |
|
7 |
|a články z novín a časopisov
|2 snkbucl
|9 267496
|
| 773 |
0 |
|
|t Múzeum
|g Roč. 45, č. 2 (1999), s. 33-34
|x 0027-5263
|
| 850 |
|
|
|a Slovenská národná knižnica
|
| 852 |
|
|
|a Slovenská národná knižnica
|
| 954 |
|
|
|a odborná, vedecká literatúra pôvodná (slovenská)
|2 lita
|
| 957 |
|
|
|a 403
|
| 958 |
|
|
|a article27
|
| 958 |
|
|
|a SK
|
| 958 |
|
|
|a OND
|
| 958 |
|
|
|a EUIPO
|
| 992 |
|
|
|a RBX
|
| 999 |
|
|
|c 2859634
|d 2861564
|